=LDR 00000nam 2200000 4500 =001 INLIS000000000056022 =005 20200812080947 =035 ##$$a 0010-0820000163 =007 ta =008 200812###########################0#eng## =082 ##$$a 942.595 =084 ##$$a 942.595 Spa h =100 #$$a Ivan G. Sparkes =245 1#$$a High Wycombe as it was /$c Ivan G. Sparkes =260 ##$$a Inggris :$b Hendon Publishing Co. Ltd.,$c 1975 =300 ##$$a 38 Halaman : $b Ilustrasi ; $c 19 Cm. =650 #4$$a Wycombe (Inggris) =990 ##$$a 04240424